000 03967cam a22006854i 4500
003 PE-LiUPU
005 20250731165516.0
008 181121s2016 sp a rb 000 0 spa d
020 _a8416228515
020 _a9788416228515
035 _a(Sirsi) a250749
040 _aPE-LiUPU
_bspa
_cPE-LiUPU
_erda
049 _aPRUA
082 0 4 _a001.42
_bL46
_220
100 1 _aLeón, Orfelio G.,
_eautor.
245 1 0 _aCómo redactar textos científicos y seguir las normas APA 6ª :
_bpara los trabajos de fin de grado y fin de máster, tesis doctorales y artículos /
_cOrfelio G. León.
250 _aCuarta edición.
264 1 _aMadrid :
_bGarceta,
_c2016.
300 _axvii, 183 páginas :
_bilustraciones ;
_c24 centímetros
336 _atext
_2rdacontent
337 _aunmediated
_2rdamedia
338 _avolume
_2rdacarrier
504 _aBibliografía: páginas 185-187.
505 0 _aEscribir bien -- Cómo redactar mal -- Herramientas del escritor -- Legibilidad -- Jerarquía del texto -- La estructura de secciones de la APA -- Estructura del texto -- Estructura y puntuación -- Ejercicios -- Limpieza del texto -- Normatividad -- Precisión -- Unión: los conectores -- Ejercicios -- Revisión del texto -- ¿Por qué revisar? -- Contenidos -- Lenguaje -- Legibilidad -- Maquetación -- El formato APA 6.ª -- Normas para tipografiar el manuscrito -- Normas para preparar las tablas -- Ejemplo de manuscrito empírico -- Ejemplo global -- Ejercicios de corrección de referencias -- Apéndice. Acentuación -- Las cuatro reglas básicas -- La acentuación de los diptongos -- Las excepciones.
526 _aSEG44
526 _aSEG26
526 _aP151
526 _aP150
526 _aP149
526 _aP146
526 _aP145
526 _aP126
526 _aP125
526 _aP92
526 _aP75
526 _aP74
526 _aP27
526 _aP15
541 _g002-00000599;
541 _g0020-0002810;
541 _g002-00001572;
541 _gF002-0001663;
650 1 8 _aRedacción de escritos técnicos
_vManuales, etc.
_93725
650 1 8 _aInvestigación científica
_xMetodología.
_94674
650 1 8 _aEducación
_xInvestigación
_xMetodología.
650 2 8 _aCitas bibliográficas
_xNormas
_vManuales, etc.
910 _adbm
_bcsm
_ccsm
_d20181121
910 _armch
_btqv
_cwelc
_d20170726
910 _abgr
_bncf
_cncf
_d20190807
910 _adbm
_bjpc
_cjpc
_d20191030
942 _2ddc
_cBOOK
994 _aC0
_bPEPRU
949 _a001.42 L46
_wDEWEY
_c1
_iFJ08256
_lCCODEBUJ1
_mBUJ
_p26.50
_r0
_sY
_tBOOK
_u2017-10-18
_xFIA
_zSISTEMA
_0COMPRA
_o.STAFF -- Colección General Juliaca
596 _a1 3
999 _a001.42 L46
_wDEWEY
_c30222
_i79162
_d30222
_e2019-10-17
_f2021-11-4
_g4
_lCCODEBUL1
_mBUL
_n3
_p25.47
_r0
_sY
_tBOOK
_u2018-11-21
_xBIBLIOTECA
_PP69
_0COMPRA
_1FCOMPR2
_o.STAFF. Colección Ciencias de la Salud
999 _a001.42 L46
_wDEWEY
_c2
_i79760
_d2019-11-20
_e2019-11-18
_f2021-11-4
_g3
_lCCODEBUL1
_mBUL
_n1
_p20.42
_q1
_r0
_sY
_tBOOK
_u2019-8-7
_xBIBLIOTECA
_PP33
_0COMPRA
_1FCOMPR3
_o.STAFF. Colección Ciencias de la Salud
999 _a001.42 L46
_wDEWEY
_c3
_i80729
_f2021-11-4
_g3
_lCCODEBUL1
_mBUL
_p19.00
_r0
_sY
_tBOOK
_u2019-10-30
_xBIBLIOTECA
_zTO-MENCIÓN
_0COMPRA
_1FCOMPR4
_o.STAFF. Colección Ciencias Humanas y Educación
999 _a001.42 L46
_wDEWEY
_c1
_iFJ08256
_f2021-12-27
_g2
_lCCODEBUJ1
_mBUJ
_p26.50
_r0
_sY
_tBOOK
_u2019-8-7
_xINGENIERIA
_PP27
_0COMPRA
_o.STAFF. Colección General Juliaca
999 _a001.42 L46
_wDEWEY
_c2
_iFJ08257
_d2019-9-13
_f2021-12-27
_g2
_lCCODEBUJ1
_mBUJ
_p26.50
_q2
_r0
_sY
_tBOOK
_u2019-8-7
_xFCE
_zP04
_0COMPRA
_o.STAFF. Colección General Juliaca
980 _81
_gALBERTO SANCHEZ Responsable de Automatización